000 00880cam a2200325 c 4500
001 200468168
003 TR-AnTOB
005 20260417110643.0
007 ta
008 770722s1973 nyu 000 1 eng d
010 _a 2007583903
020 _a0099110202
035 _a15049002
035 _a(OCoLC)3134846
040 _aTEU
_beng
_erda
_cTEU
_dNLC
_dBGU
_dDLC
_dTR-AnTOB
041 0 _aeng
042 _alccopycat
050 1 4 _aPN6071.S33
_bC66 1975
090 _aPN6071.S33
_bC66 1975
100 1 _aConey, Michael
_eauthor
_9153756
245 1 0 _aSyzygy /
_cMichael G. Coney.
264 1 _aUnited Kingdom:
_bArrow Books,
_c1975.
300 _a167 pages;
_c18 cm.
336 _atext
_btxt
_2rdacontent
337 _aunmediated
_bn
_2rdamedia
338 _avolume
_bnc
_2rdacarrier
650 0 _aScience fiction
_986843
942 _2lcc
_cBK
999 _c200468168
_d86380